000 00626nam a2200241Ia 4500
003 OSt
005 20220918174456.0
006 a|||||r|||| 00| 0
007 ta
008 220917b |||||||| |||| 00| 0 eng d
024 _a12,318
037 _cTextual
040 _aARTS
_cARTS
_beng
041 _2eng
_aeng
082 _aMY26u3.M, J3
100 _aClark Ronald
_950596
245 0 _aVictorian mountaineers
260 _aLondon
_bB.T. Batsford LTD USA
_c1953
300 _a231p
_ccm.
650 _aINDUSTRIAL ARTS
942 _hMY26u3.M, J3
_cTEXL
_2CC
999 _c153309
_d153309